000 00456nam a2200157Ia 4500
008 160316s1986 xxu||||| |||| 00| 0 eng d
082 _a345.050000
_bMIL
100 _aMiller Frank W
245 _aCases and materials on criminal justice administration
250 _a3rd
260 _aNew York
_bThe Foundation Press, Inc
_c1986
300 _a1211p
_b
_cxlvii
365 _b
650 _a1.Criminal justice - Administration - Cases - U S A
700 _a
_a
999 _c7453
_d7453